000 00364nam a2200133 i 4500
001 bg
100 1 _aZYBLIKIEWICZ, Lidia A.
245 0 _aPolityka Stanów Zjednoczonych i Wielkiej Brytanii wobec Polski 1944-1949 /
_cL. Zyblikiewicz.
260 _aWarszawa,
_c1984.
040 _cBPK
041 _apol
942 _cKS
008 s pl f |000 0 pol
999 _c22688
_d22688
856 _uhttp://koha.tu.koszalin.pl/cgi-bin/koha/opac-detail.pl?biblionumber=22688
_yKatalog online BPK